[Event "Krasnoyarsk Region-ch"]
[Site "Krasnoyarsk"]
[Date "2016.10.07"]
[Round "9"]
[White "Dobrovolskiy, Roman"]
[Black "Grigorian, Marine"]
[Result "1/2-1/2"]
[WhiteElo "2172"]
[BlackElo "2117"]
[PlyCount "116"]
[EventDate "2016.09.29"]
[EventType "swiss"]
[EventRounds "11"]
[EventCountry "RUS"]
[SourceTitle "EXT 2018"]
[Source "ChessBase"]
[SourceDate "2017.10.13"]
[SourceVersion "1"]
[SourceVersionDate "2017.10.13"]
[SourceQuality "1"]

1. e4 e6 2. d4 d5 3. Nc3 Nf6 4. e5 Nfd7 5. Nce2 c5 6. c3 Nc6 7. f4 b5 8. Nf3 Qb6 9. g3 g6 10. Bh3 b4 11. 0-0 Ba6 12. Be3 Qb5 13. Rf2 Nb6 14. Bf1 Nc4 15. Bc1 bxc3 16. Nxc3 Qb4 17. Qa4 Bb7 18. Qxb4 Nxb4 19. Nb5 Kd7 20. b3 Nb6 21. Be3 c4 22. Ng5 h6 23. Nxf7 Rh7 24. Nfd6 Bc6 25. bxc4 dxc4 26. Nxc4 N6d5 27. Nbd6 Nxe3 28. Nxe3 Bxd6 29. exd6 Kxd6 30. a3 Nd5 31. Nc4+ Ke7 32. Ne5 Be8 33. Rb1 Kf8 34. Bd3 Rg7 35. Rfb2 Nc3 36. Rb8 Nxb1 37. Rxa8 Nxa3 38. Nxg6+ Kf7 39. Rxa7+ Kf6 40. Rxa3 Bxg6 41. Bxg6 Kxg6 42. Kf2 Rb7 43. Kf3 Rb2 44. h3 Rd2 45. Ke4 h5 46. g4 h4 47. Ra6 Kf7 48. f5 exf5+ 49. Kxf5 Rd3 50. Ra7+ Kf8 51. Rh7 Rxh3 52. Kg6 Kg8 53. Ra7 Kf8 54. Ra8+ Ke7 55. Rh8 Ke6 56. Kg5 Rd3 57. Rxh4 Rxd4 58. Kg6 Ke7 1/2-1/2

[Event "Krasnoyarsk Region-ch"]
[Site "Krasnoyarsk"]
[Date "2016.09.29"]
[Round "1"]
[White "Miroshnichenko, Grigory"]
[Black "Grigorian, Marine"]
[Result "1/2-1/2"]
[WhiteElo "1920"]
[BlackElo "2117"]
[PlyCount "45"]
[EventDate "2016.09.29"]
[EventType "swiss"]
[EventRounds "11"]
[EventCountry "RUS"]
[SourceTitle "EXT 2018"]
[Source "ChessBase"]
[SourceDate "2017.10.13"]
[SourceVersion "1"]
[SourceVersionDate "2017.10.13"]
[SourceQuality "1"]

1. d4 d6 2. c4 e5 3. d5 f5 4. Nc3 Nf6 5. Bg5 Be7 6. Bxf6 Bxf6 7. e4 0-0 8. Bd3 Na6 9. a3 Nc5 10. Bc2 Qe8 11. b4 Nxe4 12. Nxe4 fxe4 13. Bxe4 Be7 14. Ne2 Qh5 15. Ng3 Qh4 16. Qh5 Qxh5 17. Nxh5 Bd7 18. 0-0 g6 19. Ng3 Kg7 20. Ne2 Rae8 21. Nc3 c6 22. Rad1 c5 23. b5 1/2-1/2

[Event "Krasnoyarsk-ch"]
[Site "Krasnoyarsk"]
[Date "2016.03.01"]
[Round "4"]
[White "Sholokhov, Anatoly"]
[Black "Grigorian, Marine"]
[Result "0-1"]
[WhiteElo "2026"]
[BlackElo "2132"]
[PlyCount "50"]
[EventDate "2016.02.01"]
[EventType "swiss"]
[EventRounds "9"]
[EventCountry "RUS"]
[SourceTitle "CBM 171 Extra"]
[Source "ChessBase"]
[SourceDate "2016.04.26"]
[SourceVersion "1"]
[SourceVersionDate "2016.04.26"]
[SourceQuality "1"]

1. e4 e6 2. d4 d5 3. e5 c5 4. c3 Qb6 5. a3 Nc6 6. Nf3 Bd7 7. b4 cxd4 8. cxd4 Nh6 9. Be2 Nf5 10. Bb2 Be7 11. 0-0 0-0 12. Bd3 Rac8 13. g4 Nh4 14. Nxh4 Bxh4 15. Nc3 f6 16. Na4 Qd8 17. Nc5 fxe5 18. dxe5 Rc7 19. Qb1 Qg5 20. Bxh7+ Kh8 21. h3 Qf4 22. Qd3 Ne7 23. Rad1 Bb5 24. Qc2 Bxf1 25. Rxf1 b6 0-1

[Event "Krasnoyarsk Region-ch"]
[Site "Krasnoyarsk"]
[Date "2015.10.18"]
[Round "11"]
[White "Grigorian, Marine"]
[Black "Keosidi, Konstantin"]
[Result "1/2-1/2"]
[WhiteElo "2105"]
[BlackElo "2404"]
[PlyCount "24"]
[EventDate "2015.10.??"]
[EventType "swiss"]
[EventRounds "11"]
[EventCountry "RUS"]
[SourceTitle "CBM 169 Extra"]
[Source "ChessBase"]
[SourceDate "2015.12.18"]
[SourceVersion "1"]
[SourceVersionDate "2015.12.18"]
[SourceQuality "1"]

1. e4 e5 2. Nf3 Nf6 3. Nxe5 d6 4. Nf3 Nxe4 5. Qe2 Qe7 6. d3 Nf6 7. Bg5 Qxe2+ 8. Bxe2 Be7 9. Nc3 c6 10. h3 Na6 11. 0-0-0 Nc7 12. Rhe1 Be6 1/2-1/2

[Event "Krasnoyarsk Region-ch"]
[Site "Krasnoyarsk"]
[Date "2015.10.16"]
[Round "9"]
[White "Grigorian, Marine"]
[Black "Komov, Roman"]
[Result "1/2-1/2"]
[WhiteElo "2105"]
[BlackElo "2129"]
[PlyCount "41"]
[EventDate "2015.10.??"]
[EventType "swiss"]
[EventRounds "11"]
[EventCountry "RUS"]
[SourceTitle "CBM 169 Extra"]
[Source "ChessBase"]
[SourceDate "2015.12.18"]
[SourceVersion "1"]
[SourceVersionDate "2015.12.18"]
[SourceQuality "1"]

1. e4 c5 2. Nf3 e6 3. d4 cxd4 4. Nxd4 a6 5. Bd3 Qc7 6. 0-0 Nc6 7. Nxc6 dxc6 8. a4 Nf6 9. Nd2 e5 10. Nc4 b5 11. Ne3 Rb8 12. Nf5 Bxf5 13. exf5 Be7 14. Qe2 0-0 15. axb5 axb5 16. Bd2 Ra8 17. Rfe1 Nd7 18. Qg4 Kh8 19. Qh5 Nf6 20. Qf3 Rfd8 21. Be3 1/2-1/2

[Event "Krasnoyarsk Region-ch"]
[Site "Krasnoyarsk"]
[Date "2015.10.09"]
[Round "2"]
[White "Grigorian, Marine"]
[Black "Belmeskin, Ilia"]
[Result "0-1"]
[WhiteElo "2105"]
[BlackElo "2220"]
[PlyCount "71"]
[EventDate "2015.10.??"]
[EventType "swiss"]
[EventRounds "11"]
[EventCountry "RUS"]
[SourceTitle "CBM 169 Extra"]
[Source "ChessBase"]
[SourceDate "2015.12.18"]
[SourceVersion "1"]
[SourceVersionDate "2015.12.18"]
[SourceQuality "1"]

1. d4 d5 2. c4 c6 3. cxd5 cxd5 4. Bf4 Nc6 5. Nf3 Nf6 6. Nc3 Bf5 7. Qb3 Qb6 8. Qxb6 axb6 9. e3 e6 10. Bb5 Bb4 11. 0-0 Ke7 12. Rfc1 Nd7 13. Ne2 Rhc8 14. a3 Bd6 15. Bxd6+ Kxd6 16. Rc3 f6 17. Rac1 g5 18. Nd2 Ra5 19. a4 Raa8 20. f3 Rc7 21. Kf2 Rac8 22. h4 h6 23. hxg5 hxg5 24. Rh1 Nf8 25. Rh6 Ke7 26. e4 Bg6 27. Bd3 Na5 28. Rxc7+ Rxc7 29. Nc3 Nc6 30. Ke3 Nb4 31. Bb1 Be8 32. Nf1 Kf7 33. Ng3 Kg7 34. Rh1 Bg6 35. exd5 Bxb1 36. d6 0-1

[Event "RUS-ch Higher League (Women) 64th"]
[Site "Vladivostok"]
[Date "2014.06.10"]
[Round "6"]
[White "Grigorian, Marine"]
[Black "Chkhan, Viktoria"]
[Result "0-1"]
[WhiteElo "2114"]
[BlackElo "2050"]
[PlyCount "46"]
[EventDate "2014.06.04"]
[EventType "swiss"]
[EventRounds "9"]
[EventCountry "RUS"]
[SourceTitle "CBM 160 Extra"]
[Source "ChessBase"]
[SourceDate "2014.07.01"]
[SourceVersion "1"]
[SourceVersionDate "2014.07.01"]
[SourceQuality "1"]

1. e4 e6 2. d3 d5 3. Qe2 Nf6 4. Nf3 Be7 5. g3 0-0 6. Bg2 c5 7. 0-0 Nc6 8. e5 Ne8 9. c4 Nc7 10. Nc3 Rb8 11. h4 b5 12. b3 f6 13. Bf4 bxc4 14. bxc4 Nd4 15. Nxd4 cxd4 16. exf6 Bxf6 17. Nb5 Nxb5 18. Bxb8 Nc3 19. Qe1 dxc4 20. Bxa7 Qc7 21. Bxd4 Bxd4 22. dxc4 Qxg3 23. c5 Rf6 0-1

[Event "RUS-ch Higher League (Women) 64th"]
[Site "Vladivostok"]
[Date "2014.06.08"]
[Round "5"]
[White "Landina, Natalya"]
[Black "Grigorian, Marine"]
[Result "0-1"]
[WhiteElo "1937"]
[BlackElo "2114"]
[PlyCount "134"]
[EventDate "2014.06.04"]
[EventType "swiss"]
[EventRounds "9"]
[EventCountry "RUS"]
[SourceTitle "CBM 160 Extra"]
[Source "ChessBase"]
[SourceDate "2014.07.01"]
[SourceVersion "1"]
[SourceVersionDate "2014.07.01"]
[SourceQuality "1"]

1. c4 d6 2. d4 e5 3. e3 Nd7 4. Nc3 g6 5. Nf3 Bg7 6. Be2 Ngf6 7. Qc2 0-0 8. 0-0 c6 9. b3 Re8 10. dxe5 dxe5 11. Bb2 e4 12. Nd2 Qe7 13. Rfe1 Nf8 14. f3 exf3 15. Bxf3 Bf5 16. Qc1 N8d7 17. Nd1 Ne5 18. Nf2 Rad8 19. e4 Bh6 20. Rd1 Be3 21. Bxe5 Qxe5 22. exf5 Rxd2 23. Rxd2 Bxd2 24. Qf1 Qxf5 25. Qd3 Qe5 26. Rf1 Be3 27. Kh1 Bxf2 28. Rxf2 Qa1+ 29. Bd1 Re3 30. Qf1 Kg7 31. g3 Re7 32. Kg2 Qd4 33. Bf3 h5 34. Qd1 Qc5 35. Re2 Rd7 36. Qg1 Rd4 37. Qe3 Qb6 38. Rd2 Rxd2+ 39. Qxd2 Qc5 40. Qd3 Qe5 41. Qe2 Qd6 42. Qd1 Qb4 43. Qd4 a5 44. Bd1 c5 45. Qb2 Qe1 46. Bf3 b6 47. a3 h4 48. g4 Qe3 49. h3 g5 50. a4 Qe1 51. Qf2 Qc3 52. Bd1 Ne4 53. Qf3 Qd2+ 54. Qe2 Qxe2+ 55. Bxe2 Kf6 56. Bd1 Ke5 57. Kf3 Kd4 58. Bc2 Nd2+ 59. Ke2 Kc3 60. Bd1 Nxb3 61. Ke3 Nd4 62. Ke4 Kd2 63. Ke5 Kxd1 64. Kf6 Nf3 65. Kxf7 Kd2 66. Ke6 Kd3 67. Kd5 Ng1 0-1

[Event "RUS-ch Higher League (Women) 64th"]
[Site "Vladivostok"]
[Date "2014.06.06"]
[Round "3"]
[White "Vasilevich, Irina"]
[Black "Grigorian, Marine"]
[Result "1-0"]
[WhiteElo "2338"]
[BlackElo "2114"]
[PlyCount "83"]
[EventDate "2014.06.04"]
[EventType "swiss"]
[EventRounds "9"]
[EventCountry "RUS"]
[SourceTitle "CBM 160 Extra"]
[Source "ChessBase"]
[SourceDate "2014.07.01"]
[SourceVersion "1"]
[SourceVersionDate "2014.07.01"]
[SourceQuality "1"]

1. c4 e5 2. Nc3 d6 3. g3 g6 4. Bg2 Bg7 5. e3 f5 6. Nge2 a5 7. 0-0 Nf6 8. b3 0-0 9. Bb2 c6 10. Rc1 Na6 11. a3 Bd7 12. Qc2 Rc8 13. Qb1 Re8 14. Rfd1 Qe7 15. Na4 Be6 16. Nb6 Rcd8 17. d4 Qc7 18. Nd5 Qf7 19. Nxf6+ Bxf6 20. Bc3 exd4 21. Nxd4 a4 22. Nxe6 Qxe6 23. Bxf6 Qxf6 24. b4 Nc7 25. b5 cxb5 26. cxb5 Ne6 27. Bxb7 Nc5 28. Bc6 Rf8 29. Rc4 Rb8 30. Rcd4 Rfd8 31. Qb4 Kg7 32. Qa5 Qe7 33. Rd5 Kg8 34. Qc3 Rbc8 35. Qd4 Ne4 36. Qb4 Nc5 37. R5d4 Rb8 38. h4 Qf6 39. Qd2 Nb3 40. Bd5+ Kf8 41. Bxb3 axb3 42. a4 1-0

[Event "SibFO-ch op (Women)"]
[Site "Novokuznetsk"]
[Date "2013.03.25"]
[Round "5"]
[White "Erdenieva, Oyuna"]
[Black "Grigorian, Marine"]
[Result "0-1"]
[WhiteElo "1802"]
[BlackElo "2121"]
[PlyCount "80"]
[EventDate "2013.03.21"]
[EventType "swiss"]
[EventRounds "9"]
[EventCountry "RUS"]
[SourceTitle "CBM 153 Extra"]
[Source "ChessBase"]
[SourceDate "2013.04.22"]
[SourceVersion "1"]
[SourceVersionDate "2013.04.22"]
[SourceQuality "1"]

1. e4 d6 2. d4 Nf6 3. Nc3 e5 4. Nf3 Nbd7 5. Be2 c6 6. a3 Qc7 7. h3 Be7 8. Be3 0-0 9. Qd2 d5 10. Nxe5 dxe4 11. Nxd7 Bxd7 12. 0-0 Rfe8 13. Bf4 Bd6 14. Bxd6 Qxd6 15. Bc4 Rad8 16. Rad1 Nh5 17. Rfe1 Qg6 18. Qe3 Kh8 19. Kh1 f5 20. Ne2 Nf6 21. Qb3 Qh6 22. Kg1 f4 23. Nc1 Qg5 24. Bf1 e3 25. fxe3 f3 26. e4 fxg2 27. Bxg2 Nxe4 28. Qe3 Qg6 29. Qd3 Bf5 30. Qf1 Bxh3 31. Ne2 Rf8 32. Nf4 Rxf4 33. Qe2 Bxg2 34. Qxg2 Rg4 35. Re2 Rd5 36. Rf1 Rf5 37. Rfe1 Rfg5 38. Rxe4 Rxg2+ 39. Kf1 Qf5+ 40. Rf4 Qxf4# 0-1

[Event "Moscow op (Women)"]
[Site "Moscow"]
[Date "2012.02.02"]
[Round "6"]
[White "Ivakhinova, Inna"]
[Black "Grigorian, Marine"]
[Result "1-0"]
[WhiteElo "2291"]
[BlackElo "2205"]
[PlyCount "99"]
[EventDate "2012.01.28"]
[EventType "swiss"]
[EventRounds "9"]
[EventCountry "RUS"]
[SourceTitle "CBM 146 Extra"]
[Source "ChessBase"]
[SourceDate "2012.02.29"]
[SourceVersion "1"]
[SourceVersionDate "2012.02.29"]
[SourceQuality "1"]

1. d4 d5 2. c4 c6 3. Nf3 Nf6 4. Nc3 dxc4 5. a4 e6 6. e3 c5 7. Bxc4 Nc6 8. 0-0 cxd4 9. exd4 Be7 10. Qe2 0-0 11. Rd1 Nb4 12. Bg5 Bd7 13. d5 exd5 14. Nxd5 Nbxd5 15. Bxd5 Nxd5 16. Rxd5 Bxg5 17. Nxg5 h6 18. Qd2 hxg5 19. Rxd7 Qb6 20. a5 Qb5 21. Rd5 Qb3 22. Ra3 Qc4 23. Qxg5 Rfe8 24. h4 f6 25. Qh5 Re1+ 26. Kh2 Re4 27. Rh3 Rae8 28. Rd7 R4e7 29. Rg3 Qf7 30. Qxf7+ Rxf7 31. Rxf7 Kxf7 32. Rb3 Re7 33. Kg3 Kg6 34. Rb5 a6 35. Rb6 Kf5 36. Kf3 Rd7 37. g4+ Ke5 38. h5 Rc7 39. Ke3 Re7 40. f4+ Kd5+ 41. Kf3 Rf7 42. f5 Ke5 43. Re6+ Kd5 44. Kf4 Rc7 45. h6 gxh6 46. Rxf6 Rc4+ 47. Kg3 Rb4 48. Rb6 Ra4 49. Rxh6 Rxa5 50. Rb6 1-0

[Event "Moscow op (Women)"]
[Site "Moscow"]
[Date "2012.02.01"]
[Round "5"]
[White "Grigorian, Marine"]
[Black "Savina, Anastasia"]
[Result "1-0"]
[WhiteElo "2205"]
[BlackElo "2337"]
[PlyCount "48"]
[EventDate "2012.01.28"]
[EventType "swiss"]
[EventRounds "9"]
[EventCountry "RUS"]
[SourceTitle "CBM 146 Extra"]
[Source "ChessBase"]
[SourceDate "2012.02.29"]
[SourceVersion "1"]
[SourceVersionDate "2012.02.29"]
[SourceQuality "1"]

1. e4 c5 2. Nc3 e6 3. g3 d5 4. d3 Nc6 5. Bg2 Nf6 6. Bd2 d4 7. Nce2 h5 8. f4 h4 9. gxh4 Ng4 10. Nf3 Be7 11. 0-0 Bxh4 12. Qc1 Be7 13. h3 Nf6 14. c3 c4 15. Nexd4 cxd3 16. Qe1 Qb6 17. Qe3 Qa6 18. Nxc6 bxc6 19. Ne5 Qb6 20. Kh1 Qxe3 21. Bxe3 c5 22. Nxd3 Ba6 23. Rfd1 Rc8 24. Nf2 Bb7 1-0